Croatian Grand Slam Winners - Statistics

General Stats
  • This quiz has been taken 270 times
    87 since last reset
  • The average score is 15 of 35
Answer Stats
Grand Slam Answer % Correct
2005 Roland Garros boys' singles Marin Čilić
95%
2014 US Open men's singles Marin Čilić
95%
1987 US Open boys' doubles Goran Ivanišević
84%
2001 Wimbledon men's singles Goran Ivanišević
84%
2011 Wimbledon boys' doubles Mate Pavić
67%
2016 US Open mixed doubles Mate Pavić
67%
2018 Australian Open men's doubles Mate Pavić
67%
2018 Australian Open mixed doubles Mate Pavić
67%
2020 US Open men's doubles Mate Pavić
67%
2021 Wimbledon men's doubles Nikola Mektić & Mate Pavić
67%
2013 US Open boys' singles Borna Ćorić
63%
2020 Australian Open mixed doubles Nikola Mektić
59%
2015 Roland Garros men's doubles Ivan Dodig
52%
2018 Roland Garros mixed doubles Ivan Dodig
52%
2019 Roland Garros mixed doubles Ivan Dodig
52%
2019 Wimbledon mixed doubles Ivan Dodig
52%
2021 Australian Open men's doubles Ivan Dodig
52%
2022 Australian Open mixed doubles Ivan Dodig
52%
1997 Roland Garros women's singles Iva Majoli
51%
1970 US Open men's doubles Nikola Pilić
37%
2013 Australian Open girls' doubles Ana Konjuh
31%
2013 Australian Open girls' singles Ana Konjuh
31%
2013 US Open girls' singles Ana Konjuh
31%
2022 Roland Garros boys' doubles Mili Poljičak
26%
2022 Wimbledon boys' singles Mili Poljičak
26%
2022 Australian Open girls' singles Petra Marčinko
21%
1996 US Open girls' singles Mirjana Lučić
19%
1997 Australian Open girls' doubles Mirjana Lučić
19%
1997 Australian Open girls' singles Mirjana Lučić
19%
1998 Australian Open women's doubles Mirjana Lučić
19%
1998 Australian Open girls' singles Jelena Kostanić
9%
1998 Wimbledon girls' doubles Jelena Kostanić
9%
2009 Australian Open girls' doubles Ajla Tomljanović
5%
2009 Roland Garros boys' doubles Marin Draganja & Dino Marcan
2%
1999 Roland Garros boys' doubles Lovro Zovko
1%
No matching quizzes found
Score Distribution
Percent of People with Each Score
Percentile by Number Answered
Your Score History
You have not taken this quiz since the last reset